MARC

LEADER 00000nam0a2200000 4500
001 16111
005 20231030190426.0
010 |a 5751502280 
035 |a (RuTPU)RU\TPU\book\16233 
035 |a BOOK00000921 
090 |a 16111 
100 |a 20011209d1993 km y0rusy50 ca 
101 0 |a rus 
102 |a RU 
105 |a y z 000zy 
200 1 |a Северная книга  |f сост. Е. В. Осокин 
210 |a Томск  |d 1993 
215 |a 298 с. 
610 1 |a история 
610 1 |a Сибирь 
610 1 |a Западная Сибирь 
610 1 |a народы приобского Севера 
610 1 |a фольклор русский 
610 1 |a этнография 
675 |a 894.7/89  |v 3 
702 1 |a Осокин  |b Е. В.  |4 220 
801 0 |a RU  |b 63413507  |c 20011209  |g PSBO 
801 2 |a RU  |b 63413507  |c 20080821  |g PSBO 
942 |c BK